000 00972cam a22002411i 4500
003 SA-RiAUC
005 20251110084938.0
008 251107s2003 ||| g 000 0 ara c
040 _aEG-CaDAJ
_bara
_cSA-RiAUC
_erda
082 0 4 _a213
090 _a213
_bد ا ر
110 2 _aدار المصطفى للدراسات الإسلامية (تريم، اليمن)
_eمؤلف.
245 1 0 _aنصيحة ملتقى العلماء بدار المصطفى للدراسات الإسلامية لأئمة المسلمين وعامتهم.
264 1 _a[مكان النشر غير محدد] :
_bدار الفقيه،
_c2003
300 _a17 صفحة؛؛
_c18 سم.
336 _aنص
_btxt
_2rdacontent
_3كتاب
337 _aبدون وسيط
_bn
_2rdamedia
338 _aمجلد
_bnc
_2rdacarrier
650 7 _aالوعظ والإرشاد
_2aucsh
650 7 _aالدعوة الإسلامية
_2aucsh
942 _2ddc
_cBOOK
_n0
949 _aSA-JeALM
_d251107
_umohamedma123
_n1
999 _c13139
_d13139